zpět

Detail výsledku týmu

Terasa Smíchov OPEN AIR, Praha

Datum a čas kvízu

31.5 Celkem bodů Celkový počet nahraných bodů na tomto kvízu bez doplňovacích otázek.
11. Pořadí na kvízu Konečné umístění týmu na tomto kvízu.

Zaznamenané odpovědi

# Otázka Odpověď Body Výsledky
1. Provoz a výrobu v rafinérii v... Litvínov 1
2. V jedné africké zemi byl nalez... v Botswaně 1
3. Jeden z nejkrásnějších, ale té... Jennifer Lopez, Ben Affleck 1
4. Ve čtvrtek byla zahájena naše... České Budějovice, 50. ročník 0.5
5. Při fotbalovém zápase peruánsk... močil (u rohového praporku) 1
6. Historie Texasu je těsně spoje... San Antonio 0
7. Hranici mezi Texasem a Mexikem... Colorado 1
8. Jedním z důvodů navštívit Hous... Saturn V 0
9. Jak se jmenoval americký polit... Stephen F. Austin 0
10. Mezi několik známých osobností... Eva Longoria, Zoufalé manželky 0